Science Quiz

Random Science or Chemistry Quiz

Subcategory Multiple Choice: Science II Quiz Stats

 Plays Quiz Updated Jan 30, 2018

Score 0/10 Timer 04:00
2 Plays Today
Question Answer Wrong Answers
Anatomy
Which of these bones is located in the wrist?
Carpals
86.2%
Coccyx
2.9%
Humerus
4.1%
Patella
4.2%
Biology
What organelle is primarily responsible for photosynthesis?
Chloroplast
85%
Mitochondria
9.3%
Nucleus
1.4%
Golgi Apparatus
1.5%
Astronomy
Which of these planets has no known moon?
Mercury
71.9%
Mars
14.6%
Saturn
4%
Neptune
9.2%
Math
Which of the operations below comes first in Order of Operations?
Parentheses
67.8%
Multiplication
11%
Subtraction
7.2%
Exponents
12.4%
Animals
Which of these animals is a rodent?
Beaver
66.2%
Koala
3.3%
Wolverine
9.1%
Bat
19.4%
Chemistry
Which of these is not one of the 3 methods of heat transfer?
Induction
64.4%
Conduction
10%
Radiation
17%
Convection
7.9%
Physics
Force equals mass times what?
Acceleration
61.3%
Velocity
25.6%
Weight
6.5%
Distance
4.3%
Computer
What was the acronym for the first computer, made back in 1946?
ENIAC
53.8%
CSREN
10.8%
CASD
14.5%
CNAC
20.7%
Elements
Barium belongs to which metal group?
Alkaline Earth
43.4%
Alkali
32.1%
Lanthanide
11.8%
Transition
11.5%
Geology
Which of these minerals is hardest on the Mohs scale?
Corundum
22.7%
Apatite
5.9%
Calcite
9%
Quartz
59.5%

You're not logged in!

Compare scores with friends on all Sporcle quizzes.
OR
Log In

Show Comments

Extras

Top Quizzes Today


Score Distribution

Your Account Isn't Verified!

In order to create a playlist on Sporcle, you need to verify the email address you used during registration. Go to your Sporcle Settings to finish the process.

Report this User

Report this user for behavior that violates our Community Guidelines.

Details: